Wortgemisch - Deutsche Lieder #11 - Statistiken

Allgemein
  • Dieses Quiz wurde 314 mal gespielt
  • Das Durchschnittsergebnis liegt bei 11 aus 15
Antwortstatistiken
Hint Antwort % Korrekt
zHlo Holz
95%
bA ni nde dSenü Ab in den Süden
93%
uD tahs emin rzeH hegerobnc Du hast mein Herz gebrochen
93%
idereL Lieder
92%
nA gTane iwe seendi An Tagen wie diesen
91%
inEs weiz zeiPilo Eins zwei Polizei
84%
Snogs rfü amiL Songs für Liam
83%
Beildr nov dri Bilder von dir
79%
itM underfleichn ßeGrün Mit freundlichen Grüßen
79%
ruWden bigt se mermi dewier Wunder gibt es immer wieder
67%
mA gTa las nynoC Krerma barst Am Tag als Conny Kramer starb
64%
tarlendseW Westerland
52%
tigEso Egoist
48%
teBitan, heiz rid teitb stawe na Bettina, zieh dir bitte etwas an
42%
eilerAu Aurelie
21%
Keine übereinstimmenden Quizze gefunden
Verteilung der Resultate
Anzahl Personen mit jedem Resultat
Perzentil nach korrekt beantworteten Fragen
Ihre Resultats-Entwicklung
Sie haben dieses Quiz noch nicht gespielt